Statistics for Highest Percent of Population in The Capital - Asia

Click here to take the quiz!

General Stats

  • This quiz has been taken 25 times
  • The average score is 8 of 10

Answer Stats

#PercentAnswer% Correct
01100.00%Singapore / Singapore
96%
0540.25%Jordan / Amman
88%
0350.76%Kuwait / Kuwait City
88%
0827.71%Maldives / Malé
88%
0636.25%Armenia / Yerevan
83%
0729.85%Georgia / Tbilisi
83%
0285.62%Qatar / Doha
83%
0445.80%Mongolia / Ulaanbaatar
79%
0926.02%Cyprus / Nicosia
75%
1022.78%Saudi Arabia / Riyadh
67%

Score Distribution

Percentile by Number Answered

Percent of People with Each Score

Your Score History

You have not taken this quiz